MDQL
is popping MORE tags! Check the
thread
!
Quizzes
Events
Quiz Creation
Community
Videos
Private Events
Remove Ads
Sign In
Join for FREE
Feedback
Dark Mode
Quiz Categories
Sports
Geography
Music
Movies
Television
Just For Fun
Miscellaneous
History
Literature
Language
Science
Gaming
Entertainment
Religion
Holiday
For Kids
Quiz Lab
Recent
Popular Today
Quiz Kudos Today
Editor Picks
Curator Picks
Quizzes by...
Day
Popularity
Type
Ratings
Length
Year
Community
Subscriptions
Recent Discussions
Orange Saloon
Badges
Playlists
Quests
Create
Leaderboards
Showdown
Live 5
Trivia Bingo
Activity
Puzzle Library
Sporcle Events
Private Events
Virtual Trivia
Globe League
Become a Host
Pub Owners
SporcleCon
Opinionation
Our Games
Videos
Blog
Mobile Apps
Partnerships
Remove Ads and Go Orange
Feedback
Science
Computer
Plants
Astronomy
Chemistry
Elements
Math
Animal
Physics
Anatomy
Biology
Geology
General Science
Science
Computer
Plants
Astronomy
Chemistry
Elements
Math
Animal
Physics
Anatomy
Biology
Geology
General Science
Random Quiz
Search Sporcle
×
Quiz Lab
Quiz Lab
Science
Generic
Type in answers that appear in a list
Type in answers that appear in a list
Classic
Best Score? Go Orange.
Drug Antidepressants Stats
Can you name the Drug Antidepressants?
By
VernBMarty
10m
17 Questions
60 Plays
60 Plays
60 Plays
Comments
Comments
Give Quiz Kudos
Give Quiz Kudos
-
- Ratings
hide this ad
Replay
Link that replays current quiz
Next Quiz
Link to next quiz in quiz playlist
You Got
0%
They Got
Avg Score
51%
Avg Friend Score
Upgrade to see
Score Distribution
Jump to the score distribution portion of the page
Score
0/17
Timer
10:00
0
Plays Today
Class
generic name
% Correct
SSRI
fluoxetine
88.3%
SSRI
sertraline
76.7%
SSRI
citalopram
76.7%
SSRI
escitalopram
70%
SSRI
paroxetine
68.3%
TCA
amitriptyline
63.3%
SNRI
duloxetine
61.7%
SNRI
venlafaxine
60%
NE/
D Reup inh
buproprion
48.3%
Class
generic name
% Correct
TCA
imipramine
45%
TCA
nortriptyline
45%
SARI 5-
HT2 Ant
trazadone
40%
MAOI
phenelzine
35%
TCA
desipramine
26.7%
SARI 5-
HT2 Ant
nefazodone
21.7%
SSRI General
All
21.7%
TCA General
All
21.7%
Quiz Playlist
Details
Report
Send in Message
Add To Playlist
Classic:
Type in answers that appear in a list
Last Updated: Feb 16, 2017
Quiz Scoreboard
CHALLENGE
Sign Up to Join the Scoreboard
Show All
Scores
Hide
Comments
May contain spoilers
Recently Published
Image Sorting: Flags VI
by Barbecue
Geography
2m
Find the 'City' Movie
by crazypaving
Movies
60s
Colored Red Africa Blitz
by spor1
Geography
45s
More to Explore
Quiz From the Vault
Featured Blog Post
14 Easter Pick-up Lines to Find Eggs With
hide this ad
You Might Also Like...
Tags
class
Drug
Generic
trade
Today's Top Quizzes in Science
Browse Science
hide this ad
Today's Top Quizzes in Generic
Browse Generic
Top Contributed Quizzes in Science
1
Windmill: Elements
2
200 Vogels in Nederland
3
Square Numbers Scrambled (1-50)
4
Count to 60
5
Elements In Images
6
Glycolysis
7
17 TIMES TABLE
8
4-letter Elementary Words III
9
perfect squares 1-25
10
Quick Pick: 'CI-CJ' Animals
Explore More
Trending Topics
Crossword
Disney
Marvel
Kpop
Anime
Harry Potter
NBA
WWE
Country
The Office
Pokémon
Song
Puzzle
Soccer
NFL
hide this ad
More By:
VernBMarty
Quiz
Plays
Rating
Category
Featured
Created
DrugsAntiarrhythmics
71
Science
Nov 8, 2010
Helminths&Protoza Names
62
Science
Oct 13, 2011
Drug Antidepressants
60
Science
May 23, 2011
Leukemia&Lymphoma
47
Science
Dec 14, 2011
DrugsAntithrombotics
38
Science
Dec 5, 2010
Go to Creator's Profile
Score Distribution
Quiz Creator Spotlight
VernBMarty
Follow
Send a Message
Quizzes Created
-
Created Quiz Play Count
-
More By This Creator
Popular Quizzes Today
1
Colored Red Africa Blitz
2
Find the US States - No Outlines Minefield
3
Find the 'City' Movie
4
5x2 Blitz: Bands
5
The Countries of the World
6
Find the US States
7
Find the Countries of Europe - No Outlines Minefield
8
US States
More Science Quizzes
Rush to the Finish: Animals by Continent IV
Published
Trending Quizzes
Colored Red Europe Blitz I
Colored Red Europe Blitz II
Colored Red Africa Blitz II
Colored Red Europe Blitz III
Colored Red Africa Blitz III
Recently Updated
How Do You Spell That?
pecheneg
Godzilla Movies
pecheneg
Grab Bag: 4-10 Letters
pecheneg
2024 March Madness Bracket
pecheneg
Famous TV Couples
Peacemaker
Champions League XIs: Real Madrid
pecheneg
Largest US Cities 1790-2010
pecheneg
Rides in Walt Disney World
pecheneg
Most Oscar Losses (Acting)
pecheneg
Beyoncé Albums
pecheneg
Trending Topics
Crossword
Anime
Harry Potter
NBA
Kpop
Disney
Marvel
Country
WWE
The Office
Song
Soccer
Pokémon
NFL
Puzzle
Your Account Isn't Verified!
In order to create a playlist on Sporcle, you need to verify the email address you used during registration. Go to your
Sporcle Settings
to finish the process.
Report this User
Report this user for behavior that violates our
Community Guidelines
.
Details:
Send Report
Go to the Sporcle.com Mobile Site →
Comments